Statistics for Category Elimination - Super Smash Bros. Fighters

Click here to take the quiz!

General Stats

  • This quiz has been taken 1,087 times
    (306 since last reset)
  • The average score is 14 of 24

Answer Stats

#Which character...Answer% Correct
a42...has appeared in an RPG?
98%
a31...is not a Pokémon?
94%
a19...made their Smash debut after Melee?
85%
c28...appeared in a game on the NES?
79%
d26..is female?
78%
b39...has animated segments in their Smash reveal trailer?
77%
c26...appeared in a game NOT on the NES? (excluding collections and Smash)
76%
d22...has some kind of headwear?
75%
a12...has their name start with a letter from J-Z?
73%
d17...has appeared in a game on the Switch? (excluding NES/SNES online and Smash)
72%
c10...is not a human-like creature?
71%
b23...made their gaming debut before the year 2000?
68%
b15...has not been a major character in a movie?
57%
d8...debuted after the year 2000?
55%
c6...is not closely related to the Mario series?
54%
c3...is a Kirby series character?
53%
c1...is royalty?King Dedede
48%
a7...does not use a sword often?
47%
b6...can summon/create fire?
41%
d2...is associated with dragons?
34%
a1...has a brother?Lucas
29%
b2...made their playable debut in a Smash game?
26%
d1...is Chinese?Min-Min
25%
b1...is an antagonist?Ridley
23%

Score Distribution

Percentile by Number Answered

Percent of People with Each Score

Your Score History

You have not taken this quiz since the last reset